La permacultura como aporte a la ética ecológica / (Registro nro. 17619)
[ vista simple ]
| 000 -CABECERA | |
|---|---|
| Campo de control | 01117nab a22002297a 4500 |
| 005 - FECHA Y HORA DE LA ULTIMA TRANSACCION | |
| Campo de control | 20150724092825.0 |
| 008 - ELEMENTOS DE LONGITUD FIJA—INFORMACION GENERAL | |
| Campo de control | 150724b2015 ck |||||r|||| 00| 0spa d |
| 040 ## - FUENTE DE CATALOGACIÓN | |
| Agencia catalogadora original | CO-BoIAVH |
| Agencia transcriptora | CO-BoIAVH |
| 041 0# - IDIOMA | |
| Código de idioma para texto/pista de sonido o título separado | Español |
| 044 ## - PAÍS DE PUBLICACIÓN | |
| País de publicación | Colombia |
| 100 1# - ASIENTO PRINCIPAL--NOMBRE PERSONAL | |
| Nombre personal | García Marín, María Eulalia |
| 245 1# - MENCION DE TITULO | |
| Título | La permacultura como aporte a la ética ecológica / |
| Mención de responsabilidad | María Eulalia García Marín |
| 260 3# - PUBLICACION, DISTRIBUCION, ETC. (PIE DE IMPRENTA) | |
| Lugar de publicación, distribución, etc. | : |
| Nombre del editor, distribuidor, etc. | , |
| Fecha de publicación, distribución, etc. | 2015. |
| 300 ## - DESCRIPCION FISICA | |
| Extensión | Año 2015, Nro 1, Enero-Junio, Pág. 82-88. |
| 504 ## - NOTA DE BIBLIOGRAFIA, ETC. | |
| Nota de bibliografía | Incluye referencias bibliográficas (Pág. 88). |
| 520 ## - NOTA DE RESUMEN, ETC. | |
| Nota de resumen | El concepto de permacultura fue ideado por Bill Mollison y David Holmgren (1978) y propone una manera de vivir en armonía con la naturaleza, potenciando los recursos y generando excedentes, de la mano de una mentalidad de colaboración y no de competición, desde la que se propone vivir con calidad. |
| 650 #4 - ASIENTO SECUNDARIO DE MATERIA - TERMINO TEMATICO | |
| Término temático o nombre geográfico como elemento de entrada | Permacultura |
| 650 #4 - ASIENTO SECUNDARIO DE MATERIA - TERMINO TEMATICO | |
| Término temático o nombre geográfico como elemento de entrada | Ética de la tierra |
| 650 #4 - ASIENTO SECUNDARIO DE MATERIA - TERMINO TEMATICO | |
| Término temático o nombre geográfico como elemento de entrada | Ecología |
| Subdivisión general | Ética |
| 773 0# - Item fuente: | |
| Lugar, editorial y fecha de publicación | Caldas (Antioquia) : Corporación Universitaria Lasallista, 2006- . |
| Otro identificador del ítem - Codigo de Barras | 042058 |
| Título | Producción más limpia / |
| Número Internacional Normalizado para Publicaciones Seriadas - ISSN | 19090455 |
| 942 ## - ELEMENTOS ADICIONALES (KOHA) | |
| Sistema de clasificación | Local |
| Tipo de ítem | Artículo |
No hay ítems disponibles.